Statistics for 90 secs World Capitals: by Closest Capitals

Click here to take the quiz!

General Stats

  • This quiz has been taken 520 times
  • The average score is 105 of 196

Answer Stats

Capital City % Correct
Amsterdam
93%
Paris
90%
Brussels
90%
London
90%
Dublin
90%
Tokyo
89%
Lisbon
88%
Pyongyang
87%
Beijing
87%
Washington
87%
Seoul
87%
Ottawa
86%
Andorra la Vella
85%
Moscow
85%
Sucre
82%
Reykjavik
82%
Copenhagen
82%
Taipei
81%
Oslo
79%
Luxembourg
78%
Asuncion
78%
Buenos Aires
78%
Montevideo
78%
Brasilia
76%
Ulaanbaatar
76%
Rabat
76%
Bern
75%
Berlin
74%
Madrid
74%
Wellington
72%
Algiers
72%
Quito
70%
Warsaw
70%
Amman
69%
Lima
69%
Cairo
69%
Jerusalem
69%
Yerevan
69%
Beirut
69%
Damascus
69%
Stockholm
69%
Tbilisi
69%
Prague
68%
Tunis
67%
Santiago
67%
Tripoli
67%
Male
67%
Canberra
67%
Ankara
66%
Bogota
65%
Kabul
65%
Monaco
65%
Islamabad
65%
Kuala Lumpur
64%
Singapore
64%
Niamey
63%
Valletta
63%
Nicosia
63%
Rome
61%
Porto-Novo
61%
San Marino
61%
Vatican City
61%
Mexico City
60%
New Delhi
60%
Panama
60%
Kuwait City
59%
Kathmandu
59%
Kingston
59%
Dhaka
58%
Lome
58%
Thimphu
58%
Colombo
56%
Ouagadougou
56%
Maseru
56%
Bandar Seri Begawan
56%
Riyadh
56%
Phnom Penh
56%
Nay Pyi Taw
55%
Sanaa
55%
Asmara
55%
Muscat
55%
Abu Dhabi
55%
Manama
55%
Harare
55%
Windhoek
55%
Doha
55%
Juba
55%
Dili
55%
Minsk
54%
Vientiane
54%
Yamoussoukro
54%
Hanoi
54%
Ashgabat
54%
Vilnius
54%
Pretoria
53%
Gaborone
53%
Jakarta
53%
Baku
53%
Maputo
53%
Helsinki
53%
Accra
53%
Mbabane
53%
Tallinn
53%
Tehran
53%
Abuja
53%
Riga
53%
Lusaka
52%
Belmopan
52%
Baghdad
51%
Mogadishu
51%
Nuku'alofa
51%
Kinshasa
50%
Bangkok
50%
San Jose
50%
Brazzaville
50%
Luanda
49%
Havana
48%
Budapest
48%
Bishkek
48%
Nassau
48%
Moroni
47%
Kiev
47%
Vienna
47%
Bratislava
47%
Khartoum
46%
Kigali
46%
Addis Ababa
46%
Kampala
46%
Bujumbura
46%
Nairobi
46%
Athens
45%
Astana
45%
Dodoma
45%
Djibouti
45%
Chisinau
45%
Bangui
45%
N'Djamena
43%
Victoria
43%
Ljubljana
42%
Zagreb
42%
Libreville
42%
Manila
42%
Melekeok
42%
Suva
42%
Apia
41%
Funafuti
41%
Antananarivo
41%
San Salvador
40%
Yaounde
40%
Tegucigalpa
40%
Managua
40%
Guatemala City
40%
Sofia
39%
Nouakchott
39%
Port Louis
39%
Praia
39%
Dakar
39%
Malabo
38%
Tashkent
37%
Bucharest
37%
Dushanbe
37%
Conakry
37%
Sarajevo
37%
Santo Domingo
36%
Banjul
36%
Bissau
36%
Port-au-Prince
35%
Pristina
35%
Skopje
35%
Port-Vila
35%
Port Moresby
34%
Freetown
33%
Belgrade
33%
Vaduz
31%
Caracas
31%
Lilongwe
31%
Podgorica
31%
Honiara
29%
Sao Tome
29%
Bamako
28%
Tarawa
28%
Monrovia
28%
Majuro
28%
Yaren
28%
Palikir
27%
Saint George's
24%
Kingstown
24%
Tirana
24%
Port-of-Spain
24%
Bridgetown
24%
Paramaribo
22%
Georgetown
22%
Roseau
21%
Saint John's
21%
Basseterre
21%
Castries
21%

Score Distribution

Percentile by Number Answered

Percent of People with Each Score

Your Score History

You have not taken this quiz